Living in Harmony/ (Record no. 39326)

MARC details
000 -LEADER
fixed length control field 00637nam a22001457a 4500
082 ## - DEWEY DECIMAL CLASSIFICATION NUMBER
Classification number 170.44
Item number MIT-L
100 ## - MAIN ENTRY--AUTHOR NAME
Personal name Swami, Mitrananda
245 ## - TITLE STATEMENT
Title Living in Harmony/
Statement of responsibility, etc Swami Mitrananda
260 ## - PUBLICATION, DISTRIBUTION, ETC. (IMPRINT)
Place of publication Guwahati:
Name of publisher Vivekananda Kendra Institute of Culture,
Year of publication 2011.
300 ## - PHYSICAL DESCRIPTION
Number of Pages 32p.
520 ## - SUMMARY, ETC.
Summary, etc Living in Harmony is a philosophical work rooted in Vedantic teachings, aiming to inspire to achieve balance and harmony in life. Living in Harmony serves as a guide for achieving balance and unity in life through spiritual practices and ethical living.
650 ## - SUBJECT ADDED ENTRY--TOPICAL TERM
Topical Term Social Ethics
650 ## - SUBJECT ADDED ENTRY--TOPICAL TERM
Topical Term Harmony – Social aspects
942 ## - ADDED ENTRY ELEMENTS (KOHA)
Source of classification or shelving scheme Dewey Decimal Classification
Koha item type Books
Holdings
Withdrawn status Lost status Damaged status Not for loan Home library Current library Source of acquisition Cost, normal purchase price Bill Date Full call number Accession Number Cost, replacement price Price effective from Koha item type
        NASSDOC Library NASSDOC Library Overseas Press India Private Limited 14.44 20-03-2024 170.44 MIT-L 54415 20.00 24/05/2024 Books